000 00467nam a2200181 a 4500
001 1761372659913
003 ACL
005 20251025114242.0
008 251025s2007##################000#0#eng##
020 _a9780849366420
082 0 4 _a658.7
_bHAN
100 1 _aHandfield, Robert,
_eauthor.
245 1 0 _aSupply Chain Risk Management :
260 _bAuerbach Publications,
_c2007.
650 0 _aBusiness & Economics.
942 _cENGLISH
040 _aACL
_beng
_cACL
999 _c593642
_d593642